000 00810nab a2200241u 4500
001 17278
003 HDC
007 c| |||a|c|aaaa
008 210222b20140605my ||||| |||| 00| 0 may d
040 _aHDC
100 _aShahrizan Salian /
_eauthor
_98378
245 0 _aMDV bantu syarikat teknologi /
_cShahrizan Salian
336 _atext
_2rdacontent
337 _acomputer
_2rdamedia
338 _aonline resource
_2rdacarrier
650 _aMalaysia Debt Ventures Berhad (MDV)
_916752
650 _asmall and medium enterprises (SME)
_97657
710 _aBERITA HARIAN
856 _zRequest full-text at [email protected]
942 _2lcc
942 _cNEWS
942 _kNWSC 004984
999 _c14594
_d14594